000 00433nam a2200169Ia 4500
999 _c7504
_d7504
008 200103s 1977 ||||xx |||||||||||||| ||und||
082 _a621.815
_bORL
100 _aOrlov, P.
245 0 _aFundamentals of machine design: Vol. 3
260 _bMir Publishers,
_c1977
_aMoscow
300 _a271 p.: ill.
504 _aIncludes index
650 _aShirnkage
650 _aWelded frames
650 _aSeaming
942 _cBK